Teoría del condicionamiento y lenguaje :

Se aborda críticamente, desde la óptica de la psicología, algunos vínculos lógicos y conceptuales establecidos entre la lógica del conocimiento, la teoría de la conducta y el análisis del lenguaje. En particular, se estudia el modelo analítico del "comportamiento verbal" propuesto por Skinner, expon...

Deskribapen osoa

Gorde:
Xehetasun bibliografikoak
Egile nagusia: Ribes Iñesta, Emilio (autor)
Formatua: Liburua
Hizkuntza:gaztelania
Argitaratua: Guadalajara, México : México : Universidad de Guadalajara ; Taurus, 1999, c1999
Gaiak:
Etiketak: Etiketa erantsi
Etiketarik gabe, Izan zaitez lehena erregistro honi etiketa jartzen!

MARC

LEADER 00000nam^a2200000^a^4500
001 000106453
005 20250521000000.0
009 20260310093534.681
020 |a 968-19-0445-1 
037 |a Acervo ITESO - Biblioteca 
041 |a ESP 
082 |a 153. 42  |b RIB 
100 |a Ribes Iñesta, Emilio  |e (autor) 
245 1 0 |b Teoría del condicionamiento y lenguaje :  |b un análisis histórico y conceptual /  |c E. Ribes Iñesta. 
264 4 |a Guadalajara, México :  |b Universidad de Guadalajara ;  |a México :  |b Taurus,  |c 1999, c1999 
300 |a 302 p. 
336 |a texto  |b txt  |2 rdacontenido 
337 |a sin mediación  |b n  |2 rdamedio 
338 |a volumen  |b nc  |2 rdasoporte 
520 |a Se aborda críticamente, desde la óptica de la psicología, algunos vínculos lógicos y conceptuales establecidos entre la lógica del conocimiento, la teoría de la conducta y el análisis del lenguaje. En particular, se estudia el modelo analítico del "comportamiento verbal" propuesto por Skinner, exponiendo cómo la teoría del condicionamiento operante se basa en la lógica de la mecánica cartesiana, por lo que el análisis de la conducta verbal como conducta operante está lleno de contradicciones. 
649 |a XX 
650 |a Lenguaje y Pensamiento 
650 |a Psicología Cognitiva 
650 |a Conductismo 
650 |a Condicionamiento 
650 |a Análisis Experimental de la Conducta 
650 |a Psicología -  |x Teoría 
650 |a Epistemología 
910 |a Fondo General 
920 |a Impresos - Libros 
930 |a Colección General 
905 |a 101 
901 |a 0500042404  |b IT1  |c ACC  |u 20250521 
902 |a https://opac.biblio.iteso.mx/vufind/Record/000106453